| 000 | 00435nam a2200169Ia 4500 | ||
|---|---|---|---|
| 008 | 230711s9999||||xx |||||||||||||| ||und|| | ||
| 020 | _a978-81-7700-035-1 | ||
| 041 | _aENG | ||
| 082 |
_a530 _bDE-E |
||
| 100 | _aDevraj Singh | ||
| 245 | 0 | _aIntroductory engineering Physics with laboratory manual | |
| 250 | _a1st Ed. | ||
| 260 |
_c2011 _aNew Delhi _bDhanpat Rai & Co.(Pvt.)Ltd. |
||
| 300 | _a489 | ||
| 650 | _aPhysics | ||
| 942 | _cBK | ||
| 999 |
_c5622 _d5622 |
||